000 00372nam a2200133Ia 4500
008 220217s9999||||xx |||||||||||||| ||und||
020 _a81-315-0313-5
082 _a621.381 5 RAS
100 _aRashid, Muhammad H
245 0 _aMicroelectronic circuits analysis and design
260 _aPWS publishing company
_bBoston
_c1999
300 _b462
650 _aCIRCUITRY
999 _c177336
_d177336